Fifa Women`s world cup Canada 2015 (Record no. 8575)
[ view plain ]
| 000 -LEADER | |
|---|---|
| fixed length control field | 00288nam a22001217a 4500 |
| 005 - DATE AND TIME OF LATEST TRANSACTION | |
| control field | 20201007111823.0 |
| 008 - FIXED-LENGTH DATA ELEMENTS--GENERAL INFORMATION | |
| fixed length control field | 201007b ||||| |||| 00| 0 eng d |
| 040 ## - CATALOGING SOURCE | |
| Transcribing agency | Jitshen |
| 082 ## - DEWEY DECIMAL CLASSIFICATION NUMBER | |
| Classification number | DVD FIF |
| 245 ## - TITLE STATEMENT | |
| Title | Fifa Women`s world cup Canada 2015 |
| 500 ## - GENERAL NOTE | |
| General note | 2 cd inside |
| 942 ## - ADDED ENTRY ELEMENTS (KOHA) | |
| Source of classification or shelving scheme | Dewey Decimal Classification |
| Koha item type | Desk (DVD/CD) |
| Withdrawn status | Lost status | Source of classification or shelving scheme | Damaged status | Not for loan | Collection code | Home library | Current library | Shelving location | Date acquired | Total Checkouts | Full call number | Barcode | Date last seen | Date last checked out | Price effective from | Koha item type |
|---|---|---|---|---|---|---|---|---|---|---|---|---|---|---|---|---|
| Dewey Decimal Classification | Desk | RTC Library | RTC Library | Desk | 07/10/2020 | 1 | DVD FIF | 30014644 | 11/10/2024 | 27/09/2024 | 07/10/2020 | Desk (DVD/CD) | ||||
| Dewey Decimal Classification | Desk | RTC Library | RTC Library | Desk | 07/10/2020 | 1 | DVD FIF | 30014783 | 22/01/2025 | 27/09/2024 | 07/10/2020 | Desk (DVD/CD) |